|
|
|
|
| LEADER |
00000cam a2200000 7i4500 |
| 001 |
0000101139 |
| 005 |
20060414.0 |
| 020 |
|
|
|a 9830018393
|
| 090 |
0 |
0 |
|a 540
|b ENG
|
| 100 |
0 |
|
|a Eng Nguan Hong
|
| 245 |
0 |
0 |
|a Chemistry :
|b Form 4
|c Eng Nguan Hong, Lim Eng Wah, Lim Yean Ching
|
| 260 |
|
|
|a Bangi :
|b Penerbitan Pelangi Sdn.Bhd. ,
|c 2006
|
| 300 |
|
|
|a 319p. ;
|c 26cm.
|
| 490 |
0 |
|
|a Focus Excel
|
| 650 |
0 |
0 |
|a Chemistry
|x SPM
|
| 700 |
0 |
|
|a Lim Eng Wah
|
| 700 |
0 |
|
|a Lim Yean Ching
|
| 999 |
|
|
|a 00191288
|b BUKU
|c PINJAMAN
|e PERPUSTAKAAN KOMUNITI CAW KOTA DAMANSARA
|
| 999 |
|
|
|a 00191289
|b BUKU
|c PINJAMAN
|e PERPUSTAKAAN KOMUNITI CAW KOTA DAMANSARA
|
| 999 |
|
|
|a 0019289
|b BUKU
|c RUJUKAN
|e PERPUSTAKAAN KOMUNITI CAW KOTA DAMANSARA
|